000 003440000a22001570004500
050 _a010
060 _a100
082 _a338.5 SNY
100 _aNicholson, Walter
100 _aSnyder, Christopher
245 _aFundamentals of microeconomics
260 _aNew Delhi, Cengage learning
260 _c2008
300 _a683
942 _cBK
999 _c368336
_d368336